=LDR 00000nam 2200000 4500 =001 INLIS000000000032171 =005 20240201082413 =035 ##$$a 0010-061300000032171 =008 240201################g##########0#ind## =041 ##$$a ind =082 ##$$a 503 =090 ##$$a R. 503, Ens eII =245 ##$$a Ensiklopedia Iptek : $b Ensiklopedia sains untuk pelajar dan umum 2, Makhluk Hidup, Manusia =260 ##$$a PT.Lentera AbadiJakarta :$b PT.Lentera Abadi,$c 2007 =300 ##$$a viii, 192 hlm : $b Ilus ; $c 29 cm =650 #4$$a Sains Ensiklopedi =850 ##$$a NBPNMAT =020 ##$$a 979-3535-02-4 =084 ##$$a 503 ENS e =990 ##$$a 21423113